000
00330nam a2200145Ia 4500
008
230718s9999 xx 000 0 und d
041
_a
Eng.
082
_a
287.93
_b
BAK-M
100
_a
Bakar Cristian
245
0
_a
M T.v sy Makkha tak
260
_a
Pakistan
_b
Khadim press
_c
2016
300
_a
400
650
_a
Law
999
_c
31595
_d
31595